000 00717nam a2200229 a 4500
999 _c4155
_d4155
001 4155
003 BD-JhCC
005 20171123182353.0
008 171123s2006 bg ||||| |||| 00| 0 ben d
020 _a9840745158
035 _a(BD-JhCC)4155
040 _aBD-JhCC
_dBD-JhCC
041 _aben
082 _a821.1
_bSHO 2006
100 _aসরোয়ার, সেলিম
245 _aউইলিয়ম শেক্সপীয়র
_bনির্বাচিত সনেটগুচ্ছ /
_cসেলিম সরোয়ার
260 _aঢাকা :
_bবাংলা একাডেমী,
_c2006.
300 _a143 p. :
_c21 cm.
650 _aSonnet
942 _2ddc
_cBK